Slováci si naďalej môžu užívať daňové raje

Boj Európskej únie, USA a zvyšku sveta s daňovými únikmi. Vyššia zrážková daň na platby do vybraných krajín. Niektoré opatrenia majú opačný daňový efekt. Únikové cestičky. Pojem účinná ľútosť zakotvený v Trestnom zákone. Tzv. white list krajín, na ktoré sa prísnejšie podmienky nevzťahujú.

Gespeichert in:
Bibliographische Detailangaben
1. Verfasser: Makarová, Xénia
Format: Buchkapitel
Sprache:Slowakisch
Schlagworte:
Tags: Tag hinzufügen
Keine Tags, Fügen Sie das erste Tag hinzu!

MARC

LEADER 00000naa a2200000 4500
001 0186778
005 20231113101445.0
041 0 |a slo 
044 |a SK 
245 1 0 |a Slováci si naďalej môžu užívať daňové raje  |c Xénia Makarová 
520 |a Boj Európskej únie, USA a zvyšku sveta s daňovými únikmi. Vyššia zrážková daň na platby do vybraných krajín. Niektoré opatrenia majú opačný daňový efekt. Únikové cestičky. Pojem účinná ľútosť zakotvený v Trestnom zákone. Tzv. white list krajín, na ktoré sa prísnejšie podmienky nevzťahujú. 
610 2 0 |a dane z príjmov 
610 2 0 |a únik daňový 
610 2 0 |a činy trestné 
610 2 0 |a opatrenia 
610 2 0 |a zákony 
610 2 0 |a raje daňové 
610 2 0 |a Slovensko 
100 1 |a Makarová, Xénia